El ABC de los suelos : (Registro nro. 5063)
[ vista simple ]
| 000 -LEADER | |
|---|---|
| fixed length control field | 01341nam a2200289Ia 4500 |
| 003 - CONTROL NUMBER IDENTIFIER | |
| control field | OSt |
| 005 - DATE AND TIME OF LATEST TRANSACTION | |
| control field | 20200513125914.0 |
| 008 - FIXED-LENGTH DATA ELEMENTS--GENERAL INFORMATION | |
| fixed length control field | 191128s2010 ck ao gr 000 0dspa d |
| 020 ## - INTERNATIONAL STANDARD BOOK NUMBER | |
| International Standard Book Number | 9789588323350 |
| 040 ## - CATALOGING SOURCE | |
| Original cataloging agency | CO-JMCR |
| Transcribing agency | CO-JMCR |
| 041 0# - LANGUAGE CODE | |
| Language code of text/sound track or separate title | spa |
| 082 ## - DEWEY DECIMAL CLASSIFICATION NUMBER | |
| Classification number | 307.16 / |
| Item number | M236a |
| Edition number | 23 |
| 100 1# - MAIN ENTRY--PERSONAL NAME | |
| Personal name | Malagón Castro, Dimas, |
| Relator term | autor |
| 9 (RLIN) | 4262 |
| 245 13 - TITLE STATEMENT | |
| Title | El ABC de los suelos : |
| Remainder of title | para no expertos / |
| Statement of responsibility, etc. | Dimas Malagón Castro, Ricardo Fabián Siachoque Bernaluy, Julián Serna Giraldo |
| 260 ## - PUBLICATION, DISTRIBUTION, ETC. | |
| Place of publication, distribution, etc. | Bogotá : |
| Name of publisher, distributor, etc. | Instituto Geográfico Agustín Codazzi, |
| Date of publication, distribution, etc. | 2010 |
| 300 ## - PHYSICAL DESCRIPTION | |
| Extent | 132 páginas : |
| Other physical details | fotografías a color ; |
| Dimensions | 21 x 27 cm. |
| 504 ## - BIBLIOGRAPHY, ETC. NOTE | |
| Bibliography, etc. note | Incluye bibliografía. |
| 505 ## - FORMATTED CONTENTS NOTE | |
| Formatted contents note | Conceptos básicos -- ¿Cómo se elaboran los estudios de suelos? -- ¿Para qué y a quiénes les sirven los estudios de suelos? |
| 520 ## - SUMMARY, ETC. | |
| Summary, etc. | Un país que investiga sobre sus suelos podrá generar los conocimientos y servicios necesarios para ordenar, racional e integralmente su territorio, planificar las actividades productivas, ambientales y sociales. |
| 546 ## - LANGUAGE NOTE | |
| Language note | spa |
| 650 14 - SUBJECT ADDED ENTRY--TOPICAL TERM | |
| Topical term or geographic name entry element | Suelos |
| Geographic subdivision | Colombia |
| 9 (RLIN) | 4263 |
| 650 24 - SUBJECT ADDED ENTRY--TOPICAL TERM | |
| Topical term or geographic name entry element | Suelos |
| General subdivision | Clasificación |
| Geographic subdivision | Colombia |
| 9 (RLIN) | 4264 |
| 650 24 - SUBJECT ADDED ENTRY--TOPICAL TERM | |
| Topical term or geographic name entry element | Análisis del suelo |
| Geographic subdivision | Colombia |
| 9 (RLIN) | 4265 |
| 700 1# - ADDED ENTRY--PERSONAL NAME | |
| Personal name | Siachoque Bernaluy, Ricardo Fabián, |
| Relator term | autor |
| 9 (RLIN) | 4266 |
| 700 1# - ADDED ENTRY--PERSONAL NAME | |
| Personal name | Serna Giraldo, Julian, |
| Relator term | autor |
| 9 (RLIN) | 4267 |
| 942 ## - ADDED ENTRY ELEMENTS (KOHA) | |
| Source of classification or shelving scheme | Dewey Decimal Classification |
| Koha item type | Books |
| Withdrawn status | Lost status | Source of classification or shelving scheme | Materials specified (bound volume or other part) | Damaged status | Not for loan | Home library | Current library | Shelving location | Date acquired | Source of acquisition | Cost, normal purchase price | Total Checkouts | Full call number | Barcode | Date last seen | Copy number | Price effective from | Koha item type |
|---|---|---|---|---|---|---|---|---|---|---|---|---|---|---|---|---|---|---|
| Dewey Decimal Classification | Donación--15/04/2018-- | Biblioteca Pública José María del Castillo y Rada | Biblioteca Pública José María del Castillo y Rada | General Stacks | 11/28/2019 | Donación | 0.00 | 307.16 / M236a | 430001238 | 05/16/2024 | Ej.1 | 11/28/2019 | Books |